La familia Rouquier (Record no. 31754)

MARC details
000 -LEADER
campo de control de longitud fija 00588nam a2200205 i 4500
001 - NÚMERO DE CONTROL
campo de control 31754
003 - IDENTIFICADOR DE NÚMERO DE CONTROL
campo de control ES-MaACL
005 - FECHA Y HORA DE LA ÚLTIMA TRANSACCIÓN
campo de control 20250607063014.0
007 - CAMPO FIJO DE DESCRIPCIÓN FÍSICA--INFORMACIÓN GENERAL
campo de control de longitud fija t|
008 - DATOS DE LONGITUD FIJA--INFORMACIÓN GENERAL
campo de control de longitud fija 030130s1952 sp ||||1| cat d
100 1# - ENTRADA PRINCIPAL--NOMBRE DE PERSONA
Nombre de persona Benguerel, Xavier,
Fechas asociadas al nombre 1905-1990
9 (RLIN) 27580
245 13 - MENCIÓN DEL TÍTULO
Título La familia Rouquier
Resto del título : novel-la /
Mención de responsabilidad, etc. Xavier Benguerel.
250 ## - MENCION DE EDICION
Mención de edición 2ª ed.
260 ## - PUBLICACIÓN, DISTRIBUCIÓN, ETC.
Lugar de publicación, distribución, etc. Barcelona :
Nombre del editor, distribuidor, etc. Aymá,
Fecha de publicación, distribución, etc. [1952] (
Fabricante Imp. Juvenil)
300 ## - DESCRIPCIÓN FÍSICA
Extensión 300 p. ;
Dimensiones 19 cm.
490 1# - MENCIÓN DE SERIE
Mención de serie Daphne ;
Designación de volumen o secuencia 3
830 0# - PUNTO DE ACCESO ADICIONAL DE SERIE-TÍTULO UNIFORME
Título uniforme Daphne ;
Designación de volumen o secuencia 3
9 (RLIN) 181880
852 ## - LOCALIZACIÓN
Ubicación ES-MaACL
Número de control de estantería C-7957
Sublocalización o colección R.34427
Holdings
Estatus retirado Estado de pérdida Estado de daño No para préstamo Biblioteca de origen Biblioteca actual Ubicación en estantería Fecha de adquisición Fuente de adquisición Total de préstamos Signatura topográfica completa Código de barras Visto por última vez Precio de reemplazo Tipo de ítem Koha
        Biblioteca del Ateneo de Madrid Biblioteca del Ateneo de Madrid Sala Palomar 17/01/2008     C-7957 1032830 23/02/2023 23/02/2023 Libro impreso